000 00484nam a2200181 a 4500
001 5261
005 20180713185121.0
008 140415s1990 000 0 spa d
041 _aspa
082 _a345
_bSIL
100 1 _aSILVA SILVA, JORGE ALBERTO
245 1 0 _aDERECHO PROCESAL PENAL
260 _a[s.l.] :
_bHARLA,
_c1990
300 _a826
490 _aTEXTOS JURIDICOS UNIVERSITARIOS
650 1 4 _aDERECHO PENAL
700 1 _aOvalle Favela, José,
_epról.
999 _c5261
_d5261